000 00451nam a2200181Ia 4500
005 20240823043711.0
008 240823s9999||||xx |||||||||||||| ||und||
020 _a978-93-80578-54-5
041 _aENGLISH
082 _A519 P1
100 _aSingaravelu A.
245 0 _aNumerical Methods
250 _a1st
260 _c2001
_b"Meenakshi Agency,Ch"
_aChennai
500 _aTRANSFERED
650 _aNumerical Methods
_bMathematics
942 _cBK
999 _c210838
_d210838